Puntos aleatorios a la provincia española - ¡Muerte súbita! - Estadísticas

Estadísticas generales
  • Esta prueba ha sido intentada 500 veces
  • La puntuación promedio es 6 de 20
Respuestas en el mapa
Las respuestas están codificadas por una escala verde-roja en el mapa de la prueba según el % correcto abajo.
 
Estadísticas de respuestas
Provincia % Correcto
A Coruña
100%
A Coruña
100%
A Coruña
100%
A Coruña
100%
A Coruña
100%
A Coruña
100%
A Coruña
100%
A Coruña
100%
A Coruña
100%
Albacete
100%
Albacete
100%
Albacete
100%
Almería
100%
Almería
100%
Araba
100%
Asturias
100%
Asturias
100%
Asturias
100%
Asturias
100%
Asturias
100%
Asturias
100%
Badajoz
100%
Badajoz
100%
Badajoz
100%
Badajoz
100%
Badajoz
100%
Badajoz
100%
Badajoz
100%
Barcelona
100%
Bizkaia
100%
Cáceres
100%
Cáceres
100%
Cáceres
100%
Cáceres
100%
Cáceres
100%
Cáceres
100%
Cáceres
100%
Cáceres
100%
Cáceres
100%
Cáceres
100%
Cádiz
100%
Cádiz
100%
Cantabria
100%
Cantabria
100%
Cantabria
100%
Castellón
100%
Castellón
100%
Ciudad Real
100%
Córdoba
100%
Córdoba
100%
Cuenca
100%
Granada
100%
Granada
100%
Granada
100%
Guadalajara
100%
Huelva
100%
Huelva
100%
Huesca
100%
Huesca
100%
Huesca
100%
Huesca
100%
Huesca
100%
Islas Baleares
100%
Islas Baleares
100%
Jaén
100%
Jaén
100%
Jaén
100%
Las Palmas
100%
Las Palmas
100%
Las Palmas
100%
León
100%
León
100%
León
100%
León
100%
León
100%
León
100%
León
100%
Lleida
100%
Lleida
100%
Lleida
100%
Lugo
100%
Lugo
100%
Lugo
100%
Lugo
100%
Lugo
100%
Lugo
100%
Lugo
100%
Lugo
100%
Madrid
100%
Málaga
100%
Málaga
100%
Murcia
100%
Navarra
100%
Ourense
100%
Ourense
100%
Ourense
100%
Ourense
100%
Ourense
100%
Palencia
100%
Pontevedra
100%
Pontevedra
100%
Salamanca
100%
Salamanca
100%
Salamanca
100%
Sevilla
100%
Sevilla
100%
Sevilla
100%
Sevilla
100%
Sevilla
100%
Sevilla
100%
Soria
100%
Soria
100%
Teruel
100%
Teruel
100%
Teruel
100%
Teruel
100%
Toledo
100%
Toledo
100%
Toledo
100%
Toledo
100%
Valencia
100%
Zamora
100%
Zamora
100%
Zaragoza
100%
Zaragoza
100%
Zaragoza
100%
Zaragoza
100%
Pontevedra
86%
Girona
83%
Huelva
80%
A Coruña
75%
Castellón
75%
Huelva
75%
Huelva
75%
Huesca
75%
Islas Baleares
75%
Islas Baleares
75%
León
75%
Lleida
75%
Sevilla
75%
Badajoz
67%
Badajoz
67%
Badajoz
67%
Badajoz
67%
Barcelona
67%
Barcelona
67%
Burgos
67%
Cáceres
67%
Cáceres
67%
Cádiz
67%
Ciudad Real
67%
Córdoba
67%
Córdoba
67%
Cuenca
67%
Girona
67%
Huelva
67%
Huesca
67%
La Rioja
67%
León
67%
León
67%
Lleida
67%
Lleida
67%
Madrid
67%
Málaga
67%
Málaga
67%
Málaga
67%
Murcia
67%
Murcia
67%
Murcia
67%
Santa Cruz de Tenerife
67%
Sevilla
67%
Teruel
67%
Valencia
67%
Valencia
67%
Valencia
67%
Zamora
67%
Zamora
67%
Zaragoza
67%
Asturias
60%
Burgos
60%
Ciudad Real
60%
Huesca
60%
León
60%
Madrid
60%
A Coruña
50%
Albacete
50%
Alicante
50%
Alicante
50%
Alicante
50%
Almería
50%
Almería
50%
Almería
50%
Almería
50%
Asturias
50%
Asturias
50%
Asturias
50%
Asturias
50%
Ávila
50%
Badajoz
50%
Badajoz
50%
Badajoz
50%
Badajoz
50%
Badajoz
50%
Badajoz
50%
Badajoz
50%
Barcelona
50%
Bizkaia
50%
Bizkaia
50%
Burgos
50%
Burgos
50%
Cáceres
50%
Cáceres
50%
Cáceres
50%
Cáceres
50%
Cáceres
50%
Cáceres
50%
Cáceres
50%
Cádiz
50%
Cádiz
50%
Cantabria
50%
Cantabria
50%
Castellón
50%
Castellón
50%
Ciudad Real
50%
Ciudad Real
50%
Ciudad Real
50%
Ciudad Real
50%
Córdoba
50%
Córdoba
50%
Cuenca
50%
Cuenca
50%
Cuenca
50%
Cuenca
50%
Cuenca
50%
Cuenca
50%
Cuenca
50%
Girona
50%
Girona
50%
Girona
50%
Girona
50%
Granada
50%
Granada
50%
Granada
50%
Guadalajara
50%
Huelva
50%
Huelva
50%
Huelva
50%
Huesca
50%
Huesca
50%
Huesca
50%
Islas Baleares
50%
Islas Baleares
50%
Islas Baleares
50%
Jaén
50%
La Rioja
50%
León
50%
León
50%
León
50%
León
50%
León
50%
Lleida
50%
Lleida
50%
Lleida
50%
Madrid
50%
Madrid
50%
Madrid
50%
Madrid
50%
Madrid
50%
Málaga
50%
Málaga
50%
Murcia
50%
Murcia
50%
Murcia
50%
Murcia
50%
Murcia
50%
Navarra
50%
Ourense
50%
Ourense
50%
Ourense
50%
Pontevedra
50%
Salamanca
50%
Salamanca
50%
Salamanca
50%
Salamanca
50%
Salamanca
50%
Santa Cruz de Tenerife
50%
Segovia
50%
Segovia
50%
Sevilla
50%
Sevilla
50%
Sevilla
50%
Sevilla
50%
Sevilla
50%
Sevilla
50%
Sevilla
50%
Sevilla
50%
Tarragona
50%
Toledo
50%
Toledo
50%
Toledo
50%
Valencia
50%
Valencia
50%
Valladolid
50%
Zamora
50%
Zamora
50%
Zamora
50%
Zaragoza
50%
Zaragoza
50%
Zaragoza
50%
Araba
40%
Córdoba
40%
Huelva
40%
Islas Baleares
40%
León
40%
Lleida
40%
Navarra
40%
Valencia
40%
Valladolid
40%
A Coruña
33%
Albacete
33%
Albacete
33%
Albacete
33%
Alicante
33%
Araba
33%
Asturias
33%
Asturias
33%
Asturias
33%
Badajoz
33%
Badajoz
33%
Barcelona
33%
Cáceres
33%
Cáceres
33%
Cáceres
33%
Cáceres
33%
Cáceres
33%
Cáceres
33%
Cáceres
33%
Cádiz
33%
Cádiz
33%
Cantabria
33%
Ciudad Real
33%
Ciudad Real
33%
Ciudad Real
33%
Córdoba
33%
Córdoba
33%
Córdoba
33%
Cuenca
33%
Cuenca
33%
Girona
33%
Girona
33%
Granada
33%
Guadalajara
33%
Guadalajara
33%
Huelva
33%
Huesca
33%
Huesca
33%
Huesca
33%
Huesca
33%
Huesca
33%
Jaén
33%
Las Palmas
33%
León
33%
Lleida
33%
Lleida
33%
Lleida
33%
Lleida
33%
Lugo
33%
Madrid
33%
Madrid
33%
Madrid
33%
Navarra
33%
Navarra
33%
Ourense
33%
Palencia
33%
Palencia
33%
Pontevedra
33%
Salamanca
33%
Salamanca
33%
Salamanca
33%
Segovia
33%
Segovia
33%
Sevilla
33%
Soria
33%
Soria
33%
Teruel
33%
Teruel
33%
Toledo
33%
Toledo
33%
Toledo
33%
Valencia
33%
Valencia
33%
Valladolid
33%
Valladolid
33%
Almería
25%
Almería
25%
Ávila
25%
Ávila
25%
Badajoz
25%
Burgos
25%
Burgos
25%
Cáceres
25%
Ciudad Real
25%
Córdoba
25%
Granada
25%
Huesca
25%
Huesca
25%
Islas Baleares
25%
Jaén
25%
Jaén
25%
León
25%
Lleida
25%
Lugo
25%
Málaga
25%
Navarra
25%
Pontevedra
25%
Salamanca
25%
Salamanca
25%
Salamanca
25%
Sevilla
25%
Teruel
25%
Valencia
25%
Albacete
20%
Alicante
20%
Córdoba
20%
Málaga
20%
Sevilla
20%
Tarragona
20%
Toledo
20%
Cuenca
17%
Soria
17%
Toledo
17%
Badajoz
14%
A Coruña
0%
A Coruña
0%
A Coruña
0%
Albacete
0%
Albacete
0%
Albacete
0%
Albacete
0%
Albacete
0%
Albacete
0%
Albacete
0%
Albacete
0%
Albacete
0%
Albacete
0%
Albacete
0%
Albacete
0%
Albacete
0%
Albacete
0%
Albacete
0%
Albacete
0%
Albacete
0%
Albacete
0%
Albacete
0%
Albacete
0%
Albacete
0%
Albacete
0%
Albacete
0%
Alicante
0%
Alicante
0%
Alicante
0%
Alicante
0%
Alicante
0%
Alicante
0%
Alicante
0%
Almería
0%
Almería
0%
Almería
0%
Almería
0%
Almería
0%
Almería
0%
Almería
0%
Araba
0%
Araba
0%
Araba
0%
Araba
0%
Asturias
0%
Asturias
0%
Asturias
0%
Asturias
0%
Asturias
0%
Asturias
0%
Ávila
0%
Ávila
0%
Ávila
0%
Ávila
0%
Ávila
0%
Ávila
0%
Ávila
0%
Ávila
0%
Ávila
0%
Ávila
0%
Badajoz
0%
Badajoz
0%
Badajoz
0%
Badajoz
0%
Badajoz
0%
Badajoz
0%
Badajoz
0%
Badajoz
0%
Badajoz
0%
Badajoz
0%
Badajoz
0%
Badajoz
0%
Badajoz
0%
Badajoz
0%
Badajoz
0%
Badajoz
0%
Badajoz
0%
Badajoz
0%
Badajoz
0%
Badajoz
0%
Badajoz
0%
Badajoz
0%
Badajoz
0%
Badajoz
0%
Badajoz
0%
Badajoz
0%
Badajoz
0%
Badajoz
0%
Barcelona
0%
Barcelona
0%
Barcelona
0%
Barcelona
0%
Barcelona
0%
Barcelona
0%
Barcelona
0%
Barcelona
0%
Bizkaia
0%
Bizkaia
0%
Bizkaia
0%
Bizkaia
0%
Burgos
0%
Burgos
0%
Burgos
0%
Burgos
0%
Burgos
0%
Burgos
0%
Burgos
0%
Burgos
0%
Burgos
0%
Burgos
0%
Burgos
0%
Burgos
0%
Burgos
0%
Burgos
0%
Burgos
0%
Burgos
0%
Burgos
0%
Burgos
0%
Burgos
0%
Burgos
0%
Burgos
0%
Burgos
0%
Burgos
0%
Burgos
0%
Burgos
0%
Burgos
0%
Burgos
0%
Burgos
0%
Burgos
0%
Burgos
0%
Burgos
0%
Cáceres
0%
Cáceres
0%
Cáceres
0%
Cáceres
0%
Cáceres
0%
Cáceres
0%
Cáceres
0%
Cáceres
0%
Cáceres
0%
Cáceres
0%
Cáceres
0%
Cáceres
0%
Cáceres
0%
Cáceres
0%
Cádiz
0%
Cádiz
0%
Cádiz
0%
Cádiz
0%
Cádiz
0%
Cádiz
0%
Cádiz
0%
Cádiz
0%
Cantabria
0%
Cantabria
0%
Cantabria
0%
Cantabria
0%
Castellón
0%
Castellón
0%
Castellón
0%
Castellón
0%
Castellón
0%
Castellón
0%
Castellón
0%
Castellón
0%
Castellón
0%
Ciudad Real
0%
Ciudad Real
0%
Ciudad Real
0%
Ciudad Real
0%
Ciudad Real
0%
Ciudad Real
0%
Ciudad Real
0%
Ciudad Real
0%
Ciudad Real
0%
Ciudad Real
0%
Ciudad Real
0%
Ciudad Real
0%
Ciudad Real
0%
Ciudad Real
0%
Ciudad Real
0%
Ciudad Real
0%
Ciudad Real
0%
Ciudad Real
0%
Ciudad Real
0%
Ciudad Real
0%
Ciudad Real
0%
Ciudad Real
0%
Ciudad Real
0%
Ciudad Real
0%
Ciudad Real
0%
Ciudad Real
0%
Ciudad Real
0%
Ciudad Real
0%
Ciudad Real
0%
Ciudad Real
0%
Ciudad Real
0%
Ciudad Real
0%
Ciudad Real
0%
Ciudad Real
0%
Ciudad Real
0%
Córdoba
0%
Córdoba
0%
Córdoba
0%
Córdoba
0%
Córdoba
0%
Córdoba
0%
Córdoba
0%
Córdoba
0%
Córdoba
0%
Córdoba
0%
Córdoba
0%
Córdoba
0%
Córdoba
0%
Córdoba
0%
Córdoba
0%
Córdoba
0%
Córdoba
0%
Cuenca
0%
Cuenca
0%
Cuenca
0%
Cuenca
0%
Cuenca
0%
Cuenca
0%
Cuenca
0%
Cuenca
0%
Cuenca
0%
Cuenca
0%
Cuenca
0%
Cuenca
0%
Cuenca
0%
Cuenca
0%
Cuenca
0%
Cuenca
0%
Cuenca
0%
Cuenca
0%
Cuenca
0%
Cuenca
0%
Cuenca
0%
Cuenca
0%
Cuenca
0%
Cuenca
0%
Cuenca
0%
Cuenca
0%
Cuenca
0%
Cuenca
0%
Gipuzkoa
0%
Gipuzkoa
0%
Gipuzkoa
0%
Gipuzkoa
0%
Gipuzkoa
0%
Gipuzkoa
0%
Gipuzkoa
0%
Girona
0%
Girona
0%
Girona
0%
Granada
0%
Granada
0%
Granada
0%
Granada
0%
Granada
0%
Granada
0%
Granada
0%
Granada
0%
Granada
0%
Granada
0%
Granada
0%
Granada
0%
Granada
0%
Granada
0%
Granada
0%
Granada
0%
Granada
0%
Guadalajara
0%
Guadalajara
0%
Guadalajara
0%
Guadalajara
0%
Guadalajara
0%
Guadalajara
0%
Guadalajara
0%
Guadalajara
0%
Guadalajara
0%
Guadalajara
0%
Guadalajara
0%
Guadalajara
0%
Guadalajara
0%
Guadalajara
0%
Guadalajara
0%
Guadalajara
0%
Guadalajara
0%
Guadalajara
0%
Guadalajara
0%
Guadalajara
0%
Guadalajara
0%
Guadalajara
0%
Guadalajara
0%
Huelva
0%
Huelva
0%
Huelva
0%
Huelva
0%
Huelva
0%
Huelva
0%
Huelva
0%
Huelva
0%
Huelva
0%
Huesca
0%
Huesca
0%
Huesca
0%
Huesca
0%
Huesca
0%
Huesca
0%
Huesca
0%
Huesca
0%
Huesca
0%
Huesca
0%
Huesca
0%
Huesca
0%
Huesca
0%
Huesca
0%
Islas Baleares
0%
Islas Baleares
0%
Islas Baleares
0%
Islas Baleares
0%
Islas Baleares
0%
Jaén
0%
Jaén
0%
Jaén
0%
Jaén
0%
Jaén
0%
Jaén
0%
Jaén
0%
Jaén
0%
Jaén
0%
Jaén
0%
Jaén
0%
Jaén
0%
Jaén
0%
Jaén
0%
Jaén
0%
Jaén
0%
Jaén
0%
Jaén
0%
Jaén
0%
Jaén
0%
Jaén
0%
Jaén
0%
Jaén
0%
La Rioja
0%
La Rioja
0%
La Rioja
0%
La Rioja
0%
La Rioja
0%
La Rioja
0%
La Rioja
0%
La Rioja
0%
La Rioja
0%
La Rioja
0%
La Rioja
0%
La Rioja
0%
Las Palmas
0%
Las Palmas
0%
Las Palmas
0%
Las Palmas
0%
Las Palmas
0%
Las Palmas
0%
León
0%
León
0%
León
0%
León
0%
León
0%
León
0%
León
0%
León
0%
León
0%
León
0%
León
0%
León
0%
Lleida
0%
Lleida
0%
Lleida
0%
Lleida
0%
Lleida
0%
Lleida
0%
Lleida
0%
Lleida
0%
Lleida
0%
Lugo
0%
Lugo
0%
Lugo
0%
Lugo
0%
Lugo
0%
Lugo
0%
Lugo
0%
Lugo
0%
Madrid
0%
Madrid
0%
Madrid
0%
Madrid
0%
Madrid
0%
Madrid
0%
Madrid
0%
Madrid
0%
Madrid
0%
Madrid
0%
Madrid
0%
Málaga
0%
Málaga
0%
Málaga
0%
Málaga
0%
Málaga
0%
Murcia
0%
Murcia
0%
Murcia
0%
Murcia
0%
Murcia
0%
Murcia
0%
Murcia
0%
Murcia
0%
Murcia
0%
Murcia
0%
Murcia
0%
Murcia
0%
Navarra
0%
Navarra
0%
Navarra
0%
Navarra
0%
Navarra
0%
Navarra
0%
Navarra
0%
Navarra
0%
Navarra
0%
Navarra
0%
Navarra
0%
Navarra
0%
Navarra
0%
Navarra
0%
Navarra
0%
Navarra
0%
Navarra
0%
Navarra
0%
Ourense
0%
Ourense
0%
Ourense
0%
Ourense
0%
Ourense
0%
Palencia
0%
Palencia
0%
Palencia
0%
Palencia
0%
Palencia
0%
Palencia
0%
Palencia
0%
Palencia
0%
Palencia
0%
Palencia
0%
Palencia
0%
Palencia
0%
Palencia
0%
Palencia
0%
Pontevedra
0%
Pontevedra
0%
Pontevedra
0%
Salamanca
0%
Salamanca
0%
Salamanca
0%
Salamanca
0%
Salamanca
0%
Salamanca
0%
Salamanca
0%
Salamanca
0%
Salamanca
0%
Salamanca
0%
Salamanca
0%
Salamanca
0%
Santa Cruz de Tenerife
0%
Santa Cruz de Tenerife
0%
Santa Cruz de Tenerife
0%
Santa Cruz de Tenerife
0%
Santa Cruz de Tenerife
0%
Santa Cruz de Tenerife
0%
Santa Cruz de Tenerife
0%
Segovia
0%
Segovia
0%
Segovia
0%
Segovia
0%
Segovia
0%
Segovia
0%
Segovia
0%
Segovia
0%
Sevilla
0%
Sevilla
0%
Sevilla
0%
Sevilla
0%
Sevilla
0%
Sevilla
0%
Sevilla
0%
Soria
0%
Soria
0%
Soria
0%
Soria
0%
Soria
0%
Soria
0%
Soria
0%
Soria
0%
Soria
0%
Soria
0%
Soria
0%
Soria
0%
Soria
0%
Soria
0%
Soria
0%
Soria
0%
Soria
0%
Soria
0%
Soria
0%
Soria
0%
Tarragona
0%
Tarragona
0%
Tarragona
0%
Tarragona
0%
Tarragona
0%
Tarragona
0%
Tarragona
0%
Tarragona
0%
Tarragona
0%
Tarragona
0%
Tarragona
0%
Teruel
0%
Teruel
0%
Teruel
0%
Teruel
0%
Teruel
0%
Teruel
0%
Teruel
0%
Teruel
0%
Teruel
0%
Teruel
0%
Teruel
0%
Teruel
0%
Teruel
0%
Teruel
0%
Teruel
0%
Teruel
0%
Teruel
0%
Teruel
0%
Teruel
0%
Teruel
0%
Teruel
0%
Teruel
0%
Teruel
0%
Teruel
0%
Teruel
0%
Toledo
0%
Toledo
0%
Toledo
0%
Toledo
0%
Toledo
0%
Toledo
0%
Toledo
0%
Toledo
0%
Toledo
0%
Toledo
0%
Toledo
0%
Toledo
0%
Toledo
0%
Toledo
0%
Toledo
0%
Toledo
0%
Toledo
0%
Toledo
0%
Valencia
0%
Valencia
0%
Valencia
0%
Valencia
0%
Valencia
0%
Valencia
0%
Valencia
0%
Valencia
0%
Valencia
0%
Valencia
0%
Valencia
0%
Valencia
0%
Valencia
0%
Valencia
0%
Valladolid
0%
Valladolid
0%
Valladolid
0%
Valladolid
0%
Valladolid
0%
Valladolid
0%
Valladolid
0%
Valladolid
0%
Valladolid
0%
Zamora
0%
Zamora
0%
Zamora
0%
Zamora
0%
Zamora
0%
Zamora
0%
Zamora
0%
Zamora
0%
Zamora
0%
Zamora
0%
Zamora
0%
Zamora
0%
Zaragoza
0%
Zaragoza
0%
Zaragoza
0%
Zaragoza
0%
Zaragoza
0%
Zaragoza
0%
Zaragoza
0%
Zaragoza
0%
Zaragoza
0%
Zaragoza
0%
Zaragoza
0%
Zaragoza
0%
Zaragoza
0%
Zaragoza
0%
Zaragoza
0%
Zaragoza
0%
Zaragoza
0%
Zaragoza
0%
Zaragoza
0%
Zaragoza
0%
Zaragoza
0%
Zaragoza
0%
Zaragoza
0%
Zaragoza
0%
Zaragoza
0%
Zaragoza
0%
Zaragoza
0%
Zaragoza
0%
Zaragoza
0%
Zaragoza
0%
No se encontraron pruebas coincidentes
Distribución de puntuación
Porcentaje de gente con cada puntuación
Porcentaje por número respondido
Historial de tus puntuaciones
No has intentado esta prueba.